[Event "Can-Can Ladies-Veterans"]
[Site "Roquebrune-Cap-Martin FRA"]
[Date "1998.09.07"]
[Round "1"]
[White "Kortschnoj, Viktor"]
[Black "Xie Jun"]
[Result "1-0"]
[WhiteElo "2625"]
[BlackElo "2510"]
[EventDate "1998.09.07"]
[PlyCount "89"]

1.d4 Nf6 2.c4 g6 3.Nc3 Bg7 4.e4 d6 5.f3 O-O 6.Nge2 c5 7.d5 e6 8.Ng3 exd5 
9.cxd5 h5 10.Be2 h4 11.Nf1 Nh7 12.Be3 a6 13.a4 Nd7 14.Nd2 f5 15.exf5 gxf5 
16.f4 Ndf6 17.h3 Qe7 18.Kf2 Re8 19.Nc4 Rb8 20.a5 b5 21.axb6 Nd7 22.Re1 
Nxb6 23.Kf1 Nxc4 24.Bxc4 Rxb2 25.Qd3 Nf6 26.Na4 Rb8 27.Nxc5 Ne4 28.Rac1 
Bf6 29.Ne6 Kh8 30.Qd1 Qf7 31.Bd4 Ng3+ 32.Kg1 Bd7 33.Re3 Rbc8 34.Ng5 Qg7 
35.Bxf6 Qxf6 36.Rxg3 hxg3 37.Qh5+ Kg8 38.Qh7+ Kf8 39.Qxd7 Kg8 40.Qh7+ Kf8 
41.Qd7 Kg8 42.Qh7+ Kf8 43.Ne6+ Rxe6 44.dxe6 Rxc4 45.e7+ 1-0

[Event "Can-Can Ladies-Veterans"]
[Site "Roquebrune-Cap-Martin FRA"]
[Date "1998.09.08"]
[Round "2"]
[White "Ioseliani, Nana"]
[Black "Spassky, Boris"]
[Result "1/2-1/2"]
[WhiteElo "2495"]
[BlackElo "2545"]
[EventDate "1998.09.07"]
[PlyCount "56"]

1.d4 Nf6 2.c4 e6 3.Nc3 d5 4.Nf3 Be7 5.Bg5 h6 6.Bh4 b6 7.e3 O-O 8.Rc1 Bb7 
9.Be2 c5 10.O-O Nbd7 11.Bg3 Ne4 12.cxd5 exd5 13.Qb3 Ndf6 14.dxc5 Nxg3 15.
hxg3 Bxc5 16.Rfd1 Qe7 17.Nd4 Rac8 18.Bf3 Rfd8 19.Nc2 a5 20.Na4 Ba6 21.Na3 
d4 22.Nxc5 bxc5 23.exd4 cxd4 24.Qb6 Be2 25.Rxc8 Rxc8 26.Bxe2 Qxe2 27.Qxd4 
Ne4 28.Rf1 h5 1/2-1/2

[Event "Can-Can Ladies-Veterans"]
[Site "Roquebrune-Cap-Martin FRA"]
[Date "1998.09.09"]
[Round "3"]
[White "Smyslov, Vassily"]
[Black "Xie Jun"]
[Result "1/2-1/2"]
[WhiteElo "2500"]
[BlackElo "2510"]
[EventDate "1998.09.07"]
[PlyCount "51"]

1.e4 e5 2.Nf3 Nc6 3.Bb5 a6 4.Ba4 Nf6 5.d3 d6 6.c3 Be7 7.O-O O-O 8.Nbd2 b5 
9.Bc2 Nd7 10.d4 Bf6 11.d5 Ne7 12.a4 Rb8 13.axb5 axb5 14.Nb3 Nb6 15.Qe2 Bd7
16.Rd1 Qc8 17.Ne1 Rd8 18.Nd3 c6 19.dxc6 Nxc6 20.Na5 Ne7 21.Nb4 Bg4 22.f3 
Be6 23.Nb3 Nc4 24.Nd2 Ra8 25.Rxa8 Qxa8 26.Nxc4 1/2-1/2

[Event "Can-Can Ladies-Veterans"]
[Site "Roquebrune-Cap-Martin FRA"]
[Date "1998.09.09"]
[Round "3"]
[White "Portisch, Lajos"]
[Black "Arakhamia-Grant, Ketevan"]
[Result "1/2-1/2"]
[WhiteElo "2595"]
[BlackElo "2420"]
[EventDate "1998.09.07"]
[PlyCount "48"]

1.d4 Nf6 2.c4 g6 3.Nc3 d5 4.Nf3 Bg7 5.Bf4 O-O 6.e3 c5 7.dxc5 Qa5 8.Rc1 
dxc4 9.Bxc4 Qxc5 10.Bb3 Nc6 11.O-O Qa5 12.h3 Bf5 13.Qe2 Ne4 14.Nxe4 Bxe4 
15.Rfd1 Qh5 16.Bc2 Bxf3 17.Qxf3 Qxf3 18.gxf3 Rad8 19.Be4 Bxb2 20.Rxd8 Rxd8
21.Rc2 Ba3 22.Bxc6 bxc6 23.Rxc6 f6 24.e4 a5 1/2-1/2

[Event "Can-Can Ladies-Veterans"]
[Site "Roquebrune-Cap-Martin FRA"]
[Date "1998.09.10"]
[Round "4"]
[White "Arakhamia-Grant, Ketevan"]
[Black "Hort, Vlastimil"]
[Result "1/2-1/2"]
[WhiteElo "2420"]
[BlackElo "2525"]
[EventDate "1998.09.07"]
[PlyCount "66"]

1.e4 e5 2.Nf3 Nc6 3.d4 exd4 4.Nxd4 Bc5 5.Be3 Qf6 6.c3 Nge7 7.Bc4 O-O 8.O-O
Bb6 9.Kh1 h6 10.f4 Nxd4 11.cxd4 d5 12.e5 Qh4 13.g3 Qh3 14.Be2 f6 15.Bf2 
fxe5 16.dxe5 Be6 17.Bxb6 axb6 18.Nc3 Nf5 19.Rg1 Ne3 20.Qd2 d4 21.Qxd4 Nc2 
22.Qe4 Nxa1 23.Rxa1 Rad8 24.Bf1 Qh5 25.Be2 Qh3 26.Bf1 Qh5 27.Be2 Qf7 28.
Bd3 Bf5 29.Qxf5 Qxf5 30.Bxf5 Rxf5 31.Nb5 Rd7 32.Rc1 c6 33.Nd6 Rxd6 1/2-1/2

[Event "Can-Can Ladies-Veterans"]
[Site "Roquebrune-Cap-Martin FRA"]
[Date "1998.09.12"]
[Round "5"]
[White "Kortschnoj, Viktor"]
[Black "Cramling, Pia"]
[Result "1-0"]
[WhiteElo "2625"]
[BlackElo "2505"]
[EventDate "1998.09.07"]
[PlyCount "111"]

1.d4 Nf6 2.c4 c5 3.d5 b5 4.Nf3 g6 5.cxb5 a6 6.Qc2 axb5 7.e4 Ba6 8.Qxc5 
Nxe4 9.Qd4 Nf6 10.Nc3 Bg7 11.Bd2 O-O 12.Bxb5 Bxb5 13.Nxb5 Ne8 14.Qc4 Bxb2 
15.Rb1 Bg7 16.O-O Na6 17.Rfc1 Nf6 18.d6 exd6 19.Nxd6 Qe7 20.Rb6 Qe6 21.Qf1
Nb8 22.Nc4 Nc6 23.a3 Ne4 24.Be3 Rfb8 25.a4 d5 26.Rxb8+ Rxb8 27.Ncd2 Nc3 
28.Kh1 Ra8 29.Nb3 Nxa4 30.Qb5 Nc3 31.Qc5 Rb8 32.Rxc3 Bxc3 33.Qxc3 d4 34.
Nbxd4 Nxd4 35.Qxd4 Rb1+ 36.Ng1 f6 37.h3 h5 38.Qd3 Qf5 39.Qxf5 gxf5 40.h4 
Kf7 41.Kh2 Rb2 42.Nh3 Rb8 43.Nf4 Rh8 44.g3 Kg7 45.Kg2 Kf7 46.Kf3 Rh7 47.
Bd4 Rh8 48.Ke3 Re8+ 49.Kd3 Rh8 50.Nd5 Rd8 51.Nxf6 Kg6 52.Kc4 Rc8+ 53.Kd5 
Rc1 54.Ke5 Re1+ 55.Be3 Ra1 56.Nd5 1-0

[Event "Can-Can Ladies-Veterans"]
[Site "Roquebrune-Cap-Martin FRA"]
[Date "1998.09.13"]
[Round "6"]
[White "Cramling, Pia"]
[Black "Taimanov, Mark"]
[Result "1-0"]
[WhiteElo "2505"]
[BlackElo "2455"]
[EventDate "1998.09.07"]
[PlyCount "97"]

1.d4 Nf6 2.c4 e6 3.Nc3 Bb4 4.Qc2 c5 5.dxc5 O-O 6.a3 Bxc5 7.Nf3 b6 8.Bg5 
Bb7 9.e4 Be7 10.Rd1 h6 11.Bh4 Nh5 12.Bxe7 Qxe7 13.Be2 Nf4 14.O-O Rc8 15.
Qd2 Nxe2+ 16.Qxe2 Ba6 17.Nb5 Qc5 18.Rd4 Bxb5 19.cxb5 a6 20.bxa6 Qa5 21.
Rfd1 Qxa6 22.Qxa6 Rxa6 23.Ne5 Rc2 24.R4d2 Rxd2 25.Rxd2 Ra7 26.Rc2 Na6 27.
Rc8+ Kh7 28.Nxf7 Nc5 29.f3 d5 30.Rh8+ Kg6 31.Ne5+ Kf6 32.Nc6 Rc7 33.Rf8+ 
Kg6 34.exd5 exd5 35.Nb4 Rd7 36.Nc6 Rd6 37.Nd4 Nd3 38.b3 Rd7 39.h4 b5 40.
Re8 b4 41.Re3 Nc1 42.axb4 Na2 43.b5 Nb4 44.Kf2 Kf7 45.Ke2 Ra7 46.Kd2 Ra8 
47.h5 g6 48.hxg6+ Kxg6 49.Re6+ 1-0

[Event "Can-Can Ladies-Veterans"]
[Site "Roquebrune-Cap-Martin FRA"]
[Date "1998.09.13"]
[Round "6"]
[White "Ioseliani, Nana"]
[Black "Portisch, Lajos"]
[Result "1/2-1/2"]
[WhiteElo "2495"]
[BlackElo "2595"]
[EventDate "1998.09.07"]
[PlyCount "59"]

1.d4 Nf6 2.c4 e6 3.Nc3 d5 4.Nf3 Nbd7 5.e3 Be7 6.b3 O-O 7.Bd3 b6 8.O-O Bb7 
9.Bb2 c5 10.Rc1 cxd4 11.exd4 Ne4 12.Qe2 Nxc3 13.Rxc3 Bb4 14.Rc2 Bd6 15.Qe3
Qe7 16.Rfc1 Rfc8 17.Ne5 dxc4 18.Nxc4 Nf6 19.Nxd6 Rxc2 20.Rxc2 Qxd6 21.Qe5 
Rd8 22.Qxd6 Rxd6 23.Rc7 Rd7 24.Rxd7 Nxd7 25.Ba3 Nf6 26.Bd6 Nd5 27.f3 f6 
28.h4 h6 29.Kf2 Kf7 30.Be4 1/2-1/2

[Event "Can-Can Ladies-Veterans"]
[Site "Roquebrune-Cap-Martin FRA"]
[Date "1998.09.14"]
[Round "7"]
[White "Taimanov, Mark"]
[Black "Xie Jun"]
[Result "1/2-1/2"]
[WhiteElo "2455"]
[BlackElo "2510"]
[EventDate "1998.09.07"]
[PlyCount "89"]

1.c4 Nf6 2.Nc3 g6 3.g3 Bg7 4.Bg2 O-O 5.e3 e5 6.Nge2 d6 7.O-O Nc6 8.d3 Rb8 
9.Rb1 Be6 10.Nd5 Ne7 11.e4 c6 12.Nxf6+ Bxf6 13.Be3 a6 14.b3 Bg7 15.d4 Qc7 
16.d5 cxd5 17.cxd5 Bd7 18.Qd2 f5 19.f3 Kh8 20.Rbc1 Qd8 21.Qb4 Nc8 22.Qc3 
Ne7 23.Qc7 Bb5 24.Rfe1 Ng8 25.a4 Bxe2 26.Qxd8 Rbxd8 27.Rxe2 Bh6 28.Rc7 
Bxe3+ 29.Rxe3 Rb8 30.Rec3 Nf6 31.h3 Kg8 32.g4 Ne8 33.R7c4 Nf6 34.a5 fxe4 
35.fxe4 g5 36.b4 Rf7 37.Rc8+ Rxc8 38.Rxc8+ Rf8 39.Rc3 Kg7 40.Bf3 Rf7 41.
Kg2 Ne8 42.Rc8 Kf8 43.Bd1 Rc7 44.Rxc7 Nxc7 45.Ba4 1/2-1/2

[Event "Can-Can Ladies-Veterans"]
[Site "Roquebrune-Cap-Martin FRA"]
[Date "1998.09.14"]
[Round "7"]
[White "Spassky, Boris"]
[Black "Ioseliani, Nana"]
[Result "1/2-1/2"]
[WhiteElo "2545"]
[BlackElo "2495"]
[EventDate "1998.09.07"]
[PlyCount "33"]

1.e4 c5 2.Nf3 e6 3.d4 cxd4 4.Nxd4 Nc6 5.Nb5 d6 6.c4 Nf6 7.N1c3 a6 8.Na3 
Be7 9.Be2 O-O 10.O-O b6 11.Be3 Ne5 12.f4 Ned7 13.Bf3 Bb7 14.Qe2 Qc7 15.
Rac1 Rac8 16.Rfd1 Qb8 17.Bf2 1/2-1/2

[Event "Can-Can Ladies-Veterans"]
[Site "Roquebrune-Cap-Martin FRA"]
[Date "1998.09.15"]
[Round "8"]
[White "Arakhamia-Grant, Ketevan"]
[Black "Portisch, Lajos"]
[Result "1-0"]
[WhiteElo "2420"]
[BlackElo "2595"]
[EventDate "1998.09.07"]
[PlyCount "179"]

1.e4 c6 2.d4 d5 3.Nd2 dxe4 4.Nxe4 Nd7 5.Ng5 Ngf6 6.Bd3 e6 7.Qe2 Bd6 8.N1f3
h6 9.Ne4 Nxe4 10.Qxe4 Qc7 11.Qg4 Kf8 12.O-O b6 13.b3 Bb7 14.Bb2 Nf6 15.Qh4
Nd5 16.Rfe1 Nf4 17.Rad1 Kg8 18.c4 g5 19.Nxg5 hxg5 20.Qxg5+ Kf8 21.Qf6 Rg8 
22.Be4 Qe7 23.Qh6+ Ke8 24.d5 cxd5 25.cxd5 e5 26.Bxe5 Bxe5 27.d6 Nxg2 28.
dxe7 Ne3+ 29.Bg6 Nxd1 30.Kf1 Ba6+ 31.Re2 Bxe2+ 32.Kxe2 Nc3+ 33.Kf1 fxg6 
34.Qe3 Kxe7 35.Qxe5+ Kf7 36.Qc7+ Ke6 37.Qc6+ Ke7 38.Qc7+ Ke6 39.Qc6+ Ke7 
40.Qxc3 Rac8 41.Qe5+ Kd7 42.b4 Rce8 43.Qd5+ Kc7 44.Qf7+ Kb8 45.a4 Ref8 46.
Qe6 Re8 47.Qd6+ Kb7 48.Qd7+ Kb8 49.a5 Rd8 50.Qf7 Rdf8 51.Qh7 bxa5 52.bxa5 
a6 53.Qe7 Kc8 54.Qe6+ Kd8 55.Qxa6 Ke7 56.Qb6 Rb8 57.Qc7+ Kf6 58.h4 Rgf8 
59.a6 Rbc8 60.Qd6+ Kg7 61.Qd7+ Kh6 62.a7 Rcd8 63.Qe7 Ra8 64.Kg2 Rae8 65.
Qb7 Rd8 66.Qe4 Rde8 67.Qd5 Rg8 68.f4 Rd8 69.Qg5+ Kh7 70.Qe7+ Kh6 71.Kf3 
Ra8 72.Qb7 Rae8 73.Qb6 Rgf8 74.Kg4 Rf5 75.h5 Rxh5 76.Qc6 Rf8 77.a8=Q Rxa8 
78.Qxa8 Kg7 79.Qb7+ Kf6 80.Qc6+ Kf7 81.Qd6 Rf5 82.Qd8 Kg7 83.Qe7+ Kg8 84.
Qd7 Rh5 85.Qe6+ Kg7 86.Qe7+ Kg8 87.Qf6 Rh6 88.Kg5 Rh5+ 89.Kxg6 Rh6+ 90.Kg5
1-0

[Event "Can-Can Ladies-Veterans"]
[Site "Roquebrune-Cap-Martin FRA"]
[Date "1998.09.17"]
[Round "9"]
[White "Hort, Vlastimil"]
[Black "Arakhamia-Grant, Ketevan"]
[Result "1-0"]
[WhiteElo "2525"]
[BlackElo "2420"]
[EventDate "1998.09.07"]
[PlyCount "73"]

1.d4 Nf6 2.c4 g6 3.Nc3 d5 4.Bg5 Ne4 5.Bf4 Nxc3 6.bxc3 Bg7 7.e3 O-O 8.Nf3 
c5 9.cxd5 Qxd5 10.Be2 Nc6 11.O-O Rd8 12.Re1 h6 13.Bg3 Bg4 14.h3 Bh5 15.Qb3
Qxb3 16.axb3 cxd4 17.exd4 e6 18.Bc7 Rd7 19.Bf4 g5 20.Be3 Bg6 21.b4 b6 22.
h4 g4 23.Nd2 h5 24.Bb5 Rc8 25.Nc4 Rd5 26.Ba6 Rc7 27.Bf4 Re7 28.b5 Nd8 29.
Ne5 Bxe5 30.Bxe5 Bd3 31.Re3 Bc4 32.Bf6 Rc7 33.Ra4 Bb3 34.Rb4 Ba2 35.Re2 
Bc4 36.Re5 Rdd7 37.Rxh5 1-0

[Event "Can-Can Ladies-Veterans"]
[Site "Roquebrune-Cap-Martin FRA"]
[Date "1998.09.18"]
[Round "10"]
[White "Xie Jun"]
[Black "Hort, Vlastimil"]
[Result "1/2-1/2"]
[WhiteElo "2510"]
[BlackElo "2525"]
[EventDate "1998.09.07"]
[PlyCount "86"]

1.e4 e5 2.Nf3 Nc6 3.Bb5 a6 4.Ba4 Nf6 5.O-O Be7 6.Re1 b5 7.Bb3 d6 8.c3 O-O 
9.h3 Na5 10.Bc2 c5 11.d3 Re8 12.Nbd2 Bf8 13.Nf1 Nc6 14.Bg5 h6 15.Bh4 Be7 
16.a4 Bb7 17.Ne3 Nh7 18.Bg3 Bf8 19.Bb3 Rb8 20.axb5 axb5 21.Nh2 Bc8 22.f4 
exf4 23.Bxf4 Be6 24.Bxe6 fxe6 25.Rf1 Rb7 26.Rf2 Rf7 27.Qe2 Be7 28.Raf1 Bh4
29.Rf3 Bg5 30.Bg3 Rxf3 31.Nxf3 Be7 32.Kh2 Ng5 33.Nxg5 Bxg5 34.Nc2 b4 35.
cxb4 cxb4 36.Ne3 Nd4 37.Qf2 Bxe3 38.Qxe3 e5 39.Qd2 b3 40.Qb4 Rf8 41.Ra1 
Qc7 42.h4 Rb8 43.Qa4 Rf8 1/2-1/2

[Event "Can-Can Ladies-Veterans"]
[Site "Roquebrune-Cap-Martin FRA"]
[Date "1998.09.18"]
[Round "10"]
[White "Ioseliani, Nana"]
[Black "Smyslov, Vassily"]
[Result "1-0"]
[WhiteElo "2495"]
[BlackElo "2500"]
[EventDate "1998.09.07"]
[PlyCount "71"]

1.d4 d5 2.c4 c6 3.Nf3 Nf6 4.e3 g6 5.Nc3 Bg7 6.Bd3 O-O 7.O-O Bg4 8.h3 Bxf3 
9.Qxf3 e6 10.Rd1 Nbd7 11.Qe2 Re8 12.Qc2 a6 13.e4 dxe4 14.Nxe4 Nxe4 15.Bxe4
Qh4 16.Be3 f5 17.Bf3 e5 18.d5 c5 19.Kh2 e4 20.g3 Be5 21.Bg2 Qf6 22.Qd2 
Bxb2 23.Bg5 Qe5 24.Bf4 Bc3 25.Qc1 Qh8 26.Rb1 b6 27.f3 Ba5 28.fxe4 fxe4 29.
Rb3 Ne5 30.d6 Rad8 31.Bxe4 Ng4+ 32.hxg4 Rxe4 33.Re3 Rd4 34.Be5 R8xd6 35.
Bxd4 cxd4 36.Re8+ 1-0

[Event "Can-Can Ladies-Veterans"]
[Site "Roquebrune-Cap-Martin FRA"]
[Date "1998.09.19"]
[Round "11"]
[White "Taimanov, Mark"]
[Black "Cramling, Pia"]
[Result "0-1"]
[WhiteElo "2455"]
[BlackElo "2505"]
[EventDate "1998.09.07"]
[PlyCount "94"]

1.c4 g6 2.g3 Bg7 3.Bg2 c5 4.Nc3 Nc6 5.a3 d6 6.Rb1 a5 7.d3 e6 8.e3 Nge7 9.
Nge2 d5 10.O-O O-O 11.Qc2 b6 12.b3 Bb7 13.Bb2 d4 14.exd4 cxd4 15.Nb5 Qd7 
16.Qd2 Nf5 17.Qf4 Rac8 18.Be4 Ba8 19.Rbd1 Rfd8 20.Bc1 Bh6 21.Qf3 Bxc1 22.
Nxc1 Nd6 23.a4 f5 24.Bxc6 Bxc6 25.Qf4 Nf7 26.f3 Qb7 27.g4 e5 28.Qg3 f4 29.
Qh4 Bxf3 30.Rde1 g5 31.Qh5 Bc6 32.h4 Qe7 33.hxg5 Nxg5 34.Na7 Rc7 35.Nxc6 
Rxc6 36.Rxf4 Rg6 37.Rf5 e4 38.Qh2 Qb4 39.Qh4 Qd2 40.Kf1 Re8 41.dxe4 d3 42.
Qg3 Rh6 43.Kg1 Nh3+ 44.Kf1 Nf4 45.Rh5 Nxh5 46.gxh5+ Kh8 47.Nxd3 Rf6+ 0-1

[Event "Can-Can Ladies-Veterans"]
[Site "Roquebrune-Cap-Martin FRA"]
[Date "1998.09.19"]
[Round "11"]
[White "Kortschnoj, Viktor"]
[Black "Arakhamia-Grant, Ketevan"]
[Result "1-0"]
[WhiteElo "2625"]
[BlackElo "2420"]
[EventDate "1998.09.07"]
[PlyCount "91"]

1.d4 Nf6 2.c4 g6 3.Nc3 Bg7 4.e4 d6 5.f3 O-O 6.Nge2 c5 7.Be3 Nc6 8.d5 Ne5 
9.Ng3 e6 10.Be2 exd5 11.cxd5 h5 12.O-O Nh7 13.Qd2 h4 14.Nh1 f5 15.Nf2 a6 
16.a4 b6 17.f4 Nf7 18.Bd3 Nf6 19.Kh1 Re8 20.Rae1 Ra7 21.exf5 gxf5 22.Nh3 
Ng4 23.Ng5 Nxg5 24.fxg5 Rae7 25.Bf4 Bd4 26.Rxe7 Qxe7 27.h3 Be3 28.Qe2 Bxf4
29.Rxf4 Qd8 30.Qd2 Ne3 31.Rxh4 Qxg5 32.Qf2 Re7 33.Kh2 Rg7 34.g3 Re7 35.Rf4
Qh6 36.Kg1 Re5 37.Rh4 Qg5 38.Qf4 Qxf4 39.gxf4 Re7 40.Rh6 c4 41.Be2 Bb7 42.
Rxd6 b5 43.Rd8+ Kh7 44.Kf2 Nc2 45.axb5 axb5 46.Nxb5 1-0

[Event "Can-Can Ladies-Veterans"]
[Site "Roquebrune-Cap-Martin FRA"]
[Date "1998.09.20"]
[Round "12"]
[White "Ioseliani, Nana"]
[Black "Hort, Vlastimil"]
[Result "1-0"]
[WhiteElo "2495"]
[BlackElo "2525"]
[EventDate "1998.09.07"]
[PlyCount "99"]

1.d4 d5 2.c4 e6 3.Nc3 Nf6 4.Nf3 Nbd7 5.Bg5 c6 6.cxd5 exd5 7.Qc2 Be7 8.e3 
Nh5 9.Bxe7 Qxe7 10.O-O-O Nb6 11.h3 g6 12.Bd3 Be6 13.Kb1 Ng7 14.g4 O-O-O 
15.Na4 Nxa4 16.Qxa4 Kb8 17.Rc1 f6 18.Rc3 Rd6 19.Rhc1 Rc8 20.Ra3 b6 21.g5 
Bf5 22.gxf6 Rxf6 23.Ne5 Qb7 24.Rac3 Bxd3+ 25.Nxd3 Nf5 26.Nc5 bxc5 27.Rb3 
cxd4 28.exd4 Re6 29.Rxb7+ Kxb7 30.a3 Ka8 31.Rc3 Ne7 32.Rb3 Nf5 33.Qb4 Re7 
34.Qc5 Rb7 35.Rxb7 Kxb7 36.b4 Rd8 37.a4 Rd7 38.Kc2 Rd6 39.Kb3 Kb8 40.a5 
Kb7 41.Ka4 h5 42.Qc3 Re6 43.Qc5 Ne7 44.h4 Re4 45.Qd6 a6 46.Qd8 g5 47.hxg5 
h4 48.g6 h3 49.Qd7+ Kb8 50.g7 1-0

[Event "Can-Can Ladies-Veterans"]
[Site "Roquebrune-Cap-Martin FRA"]
[Date "1998.09.20"]
[Round "12"]
[White "Xie Jun"]
[Black "Kortschnoj, Viktor"]
[Result "1/2-1/2"]
[WhiteElo "2510"]
[BlackElo "2625"]
[EventDate "1998.09.07"]
[PlyCount "145"]

1.e4 e6 2.d4 d5 3.e5 c5 4.c3 Nc6 5.Be3 h5 6.Bd3 Qb6 7.Qd2 cxd4 8.cxd4 Bd7 
9.Ne2 Nb4 10.Nbc3 Nxd3+ 11.Qxd3 Bb4 12.O-O Ne7 13.Nf4 Rc8 14.Rfc1 Bxc3 15.
bxc3 Bb5 16.Qd1 h4 17.Rab1 Qc6 18.Rb4 Nf5 19.a4 Bc4 20.a5 Qa6 21.Nh3 Rc7 
22.Ra1 Kd8 23.Ng5 Kc8 24.Qb1 Bd3 25.Qb2 Qc6 26.Bd2 Ba6 27.h3 Kb8 28.Rc1 
Ka8 29.Bf4 Qd7 30.Nf3 Rc4 31.Bg5 Rxb4 32.Qxb4 Be2 33.Nxh4 Nxh4 34.Bxh4 Qb5
35.Qa3 Rc8 36.Be7 Qd3 37.Qb2 Qb5 38.Bb4 Bd3 39.Ra1 f6 40.Qd2 fxe5 41.dxe5 
Bf5 42.Rd1 b6 43.axb6 Qxb6 44.Ra1 Kb7 45.Bd6 Ka8 46.Ra3 a6 47.Kh2 Qb5 48.
Qd1 Ka7 49.Be7 Qd3 50.Qa1 Qe2 51.c4 Qxc4 52.Bg5 Bc2 53.Be3+ Kb7 54.Qb2+ 
Qb5 55.Qd4 Rc6 56.Qa7+ Kc8 57.Qxg7 Qb4 58.Qg8+ Kb7 59.Ra2 Qb3 60.Ra1 Qc3 
61.Rc1 Qxe5+ 62.g3 Qb8 63.Qf7+ Qc7 64.Qf8 e5 65.Qb4+ Ka8 66.Qf8+ Qc8 67.
Qf3 Qe6 68.h4 Kb8 69.Qf8+ Kb7 70.Qb4+ Kc8 71.Qf8+ Kb7 72.Qb4+ Kc8 73.Qf8+ 
1/2-1/2